Folk Psychology Re-Assessed

1.1. FOLK PSYCHOLOGY, THEORY OF MIND AND SIMULATION The tasks we face in our day to day social lives are quite heterogeneous but many of them make a common demand upon us. They require us to understand and interact with other people and, in most social encounters, we exhibit a special sensitivity to...

Πλήρης περιγραφή

Λεπτομέρειες βιβλιογραφικής εγγραφής
Συγγραφή απο Οργανισμό/Αρχή: SpringerLink (Online service)
Άλλοι συγγραφείς: Hutto, Daniel D. (Επιμελητής έκδοσης), Ratcliffe, Matthew (Επιμελητής έκδοσης)
Μορφή: Ηλεκτρονική πηγή Ηλ. βιβλίο
Γλώσσα:English
Έκδοση: Dordrecht : Springer Netherlands, 2007.
Θέματα:
Διαθέσιμο Online:Full Text via HEAL-Link
LEADER 03795nam a22005055i 4500
001 978-1-4020-5558-4
003 DE-He213
005 20151204151142.0
007 cr nn 008mamaa
008 100301s2007 ne | s |||| 0|eng d
020 |a 9781402055584  |9 978-1-4020-5558-4 
024 7 |a 10.1007/978-1-4020-5558-4  |2 doi 
040 |d GrThAP 
050 4 |a B53 
072 7 |a HPM  |2 bicssc 
072 7 |a PHI015000  |2 bisacsh 
082 0 4 |a 128.2  |2 23 
245 1 0 |a Folk Psychology Re-Assessed  |h [electronic resource] /  |c edited by Daniel D. Hutto, Matthew Ratcliffe. 
264 1 |a Dordrecht :  |b Springer Netherlands,  |c 2007. 
300 |a VIII, 254 p.  |b online resource. 
336 |a text  |b txt  |2 rdacontent 
337 |a computer  |b c  |2 rdamedia 
338 |a online resource  |b cr  |2 rdacarrier 
347 |a text file  |b PDF  |2 rda 
505 0 |a Emotion, Perception, and Interaction -- Expression and Empathy -- We Share, Therefore We Think -- Logical and Phenomenological Arguments Against Simulation Theory -- Persons, Pronouns, and Perspectives -- Reasons, Norms, Narratives and Institutions -- There are Reasons and Reasons -- Folk Psychology Without Theory or Simulation -- The Regulative Dimension of Folk Psychology -- Folk Psychology: Science and Morals -- Folk Psychology and Freedom of the Will -- The Fragmentation of Folk Psychology -- Critter Psychology: On the Possibility of Nonhuman Animal Folk Psychology -- Folk Psychology Does not Exist -- From Folk Psychology to Commonsense. 
520 |a 1.1. FOLK PSYCHOLOGY, THEORY OF MIND AND SIMULATION The tasks we face in our day to day social lives are quite heterogeneous but many of them make a common demand upon us. They require us to understand and interact with other people and, in most social encounters, we exhibit a special sensitivity to our fellow human beings that is quite different from the way we respond to inanimate objects and most other species of organism. Social life is dependent, to a considerable degree, on our ability to understand what is distinctive about human behaviour and to successfully apply that understanding in all manner of situations. What is central to our ability to interpret one another? A great deal of work in philosophy of mind, cognitive science, anthropology, developmental psychology and a host of other disciplines assumes that, at root, interpersonal interpretation is accomplished through the employment of a ‘commonsense’ or ‘folk’ psychology, meaning an ‘everyday’, rather than ‘scientific’, appreciation of mindedness. Although there is considerable debate over which cognitive processes support our folk psychological abilities and how those abilities develop during childhood, there is a remarkable degree of consensus concerning what folk psychology consists of. Almost all discussions of the topic begin by stating or presupposing that it is the ability to attribute intentional states, principally beliefs and desires, to other people and perhaps also to oneself, in order to predict and explain behaviour. 
650 0 |a Philosophy. 
650 0 |a Philosophy of mind. 
650 0 |a Phenomenology. 
650 0 |a Developmental psychology. 
650 0 |a Personality. 
650 0 |a Social psychology. 
650 1 4 |a Philosophy. 
650 2 4 |a Philosophy of Mind. 
650 2 4 |a Developmental Psychology. 
650 2 4 |a Phenomenology. 
650 2 4 |a Personality and Social Psychology. 
700 1 |a Hutto, Daniel D.  |e editor. 
700 1 |a Ratcliffe, Matthew.  |e editor. 
710 2 |a SpringerLink (Online service) 
773 0 |t Springer eBooks 
776 0 8 |i Printed edition:  |z 9781402055577 
856 4 0 |u http://dx.doi.org/10.1007/978-1-4020-5558-4  |z Full Text via HEAL-Link 
912 |a ZDB-2-SHU 
950 |a Humanities, Social Sciences and Law (Springer-11648)